000 01095nam a22003497a 4500
003 CHAP
005 20220817042652.0
008 971013s1993 r 00010 d
010 _a51658
011 _a52630
035 _a56780
040 _cCHAP
082 _a581.151
_bS4
100 0 0 _aSingh, Ram J.
_9106637
245 _aPlant cytogenetics
260 _aBoca Raton, Florida :
_bCRC,
_c1993
300 _a391 p.
_b: ilus.
590 _aBATCH-UPD
_b10
_c20130109
_lUCH01
_h2355
590 _aBATCH-UPD
_b10
_c20130110
_lUCH01
_h0349
590 _aBATCH-UPD
_b10
_c20130110
_lUCH01
_h2109
590 _aBATCH-UPD
_b10
_c20130409
_lUCH01
_h1928
590 _aBATCH-UPD
_b10
_c20130410
_lUCH01
_h0545
590 _aBATCH-UPD
_b10
_c20130914
_lUCH01
_h0942
590 _aCONVERSION
_b10
_c20130109
_lUCH01
_h1328
650 1 4 _aCitogenética.
_923485
650 1 4 _aCromosomas.
_929152
650 1 4 _aDivisión celular (Biología)
_933029
650 1 4 _aGenética vegetal.
901 _aBK
942 _cLIBRO
949 _a581.151 S4
_bBC
_cLIBRO
_d33724000040408
_eLIBRO
_gI. 179908
_h89736
_i56780
_si
_t552.00
999 _c51658
_d51658